000 00363 a2200157 4500
001 153019
040 _cEscola São Tomás de Aquino
100 _aMACHADO, Maria Clara
240 1 0 _aAntologia de histórias
_lpor
245 1 0 _aAntologia de histórias
300 _a101
362 0 _a2000
440 1 _aEdiouro
697 _a*LITERATURA JUVENIL
942 _cBK
999 _c153019
_d153019